Mirror to Damascus / (Record no. 13285)
[ view plain ]
| 000 -LEADER | |
|---|---|
| fixed length control field | 00873cam a2200265 i 4500 |
| 001 - CONTROL NUMBER | |
| control field | 286121 |
| 003 - CONTROL NUMBER IDENTIFIER | |
| control field | EG-ScBUE |
| 005 - DATE AND TIME OF LATEST TRANSACTION | |
| control field | 20230726134409.0 |
| 008 - FIXED-LENGTH DATA ELEMENTS--GENERAL INFORMATION | |
| fixed length control field | 680301t1967 mauabc f b 000 0 eng d |
| 040 ## - CATALOGING SOURCE | |
| Original cataloging agency | DLC |
| Language of cataloging | eng |
| Description conventions | rda |
| Transcribing agency | DLC |
| Modifying agency | DLC |
| -- | EG-ScBUE |
| 082 04 - DEWEY DECIMAL CLASSIFICATION NUMBER | |
| Classification number | 915.6914 |
| Edition number | 22 |
| Item number | THU |
| 100 1# - MAIN ENTRY--PERSONAL NAME | |
| Personal name | Thubron, Colin, |
| Dates associated with a name | 1939- |
| Relator term | author. |
| 9 (RLIN) | 10982 |
| 245 10 - TITLE STATEMENT | |
| Title | Mirror to Damascus / |
| Statement of responsibility, etc | Colin Thubron. |
| 264 #1 - PUBLICATION, DISTRIBUTION, ETC. (IMPRINT) | |
| Place of publication, distribution, etc | Boston : |
| Name of publisher, distributor, etc | Little, Brown and Company, |
| Date of publication, distribution, etc | [1967] |
| 264 #4 - PUBLICATION, DISTRIBUTION, ETC. (IMPRINT) | |
| Date of publication, distribution, etc | c1967 |
| 300 ## - PHYSICAL DESCRIPTION | |
| Extent | xiv, 226 pages : |
| Other physical details | illustrations, maps. portrits ; |
| Dimensions | 25 cm |
| 336 ## - CONTENT TYPE | |
| Source | rdacontent |
| Content type term | text |
| Content type code | txt |
| 337 ## - MEDIA TYPE | |
| Source | rdamedia |
| Media type term | unmediated |
| Media type code | n |
| 338 ## - CARRIER TYPE | |
| Source | rdacarrier |
| Carrier type term | volume |
| Carrier type code | nc |
| 504 ## - BIBLIOGRAPHY, ETC. NOTE | |
| Bibliography, etc | Includes bibliographical references. |
| 651 #7 - SUBJECT ADDED ENTRY--GEOGRAPHIC NAME | |
| Geographic name | Damascus Region (Syria) |
| General subdivision | Description and travel. |
| Source of heading or term | BUEsh |
| 9 (RLIN) | 10981 |
| 655 ## - INDEX TERM--GENRE/FORM | |
| Form subdivision | Reading book |
| 942 ## - ADDED ENTRY ELEMENTS (KOHA) | |
| Source of classification or shelving scheme | Dewey Decimal Classification |
| Koha item type | Book - Borrowing |
| Withdrawn status | Lost status | Source of classification or shelving scheme | Damaged status | Not for loan | Collection code | Home library | Current library | Shelving location | Date acquired | Source of acquisition | Total Checkouts | Full call number | Barcode | Date last seen | Price effective from | Koha item type |
|---|---|---|---|---|---|---|---|---|---|---|---|---|---|---|---|---|
| Dewey Decimal Classification | Donation-Gift | Central Library | Central Library | Second Floor | 04/02/2010 | Donation | 915.6914 THU | 000019678 | 15/07/2025 | 04/02/2010 | Book - Borrowing |